000 00719nam a22002297a 4500
005 20170124110056.0
010 _a813121
020 _c100.00
_a812560023X
035 _a813121
037 _bCen Lib/Ret
040 _aDPL
_bEN
082 _a658
_bBAW
100 _aBawa, H.S.
_926407
245 _aTata's mini refresher management of systems /
_cby H.S.Bawa [and] Navneet Singh
260 _aDelhi
_bTata Publishers
_c1996-97
270 _a1/5544, Govind Marg, Shivaji Park, Shahdara
_bDelhi
_e110032
300 _a592p. :
_c20cm(Hb)
_bill.
650 _aPrinciples of Management
_926408
650 _aGeneral management
_916441
700 _aNavneet Singh
_926409
942 _2ddc
_cEN
_h658
_mBAW
999 _c129455
_d129455